[Event "9. United Insurance 2009"]
[Site "Dahka BAN"]
[Date "2009.08.24"]
[Round "5.14"]
[White "Mohammad, Javed"]
[Black "Shrestha, Keshav"]
[Result "1/2-1/2"]
[WhiteElo "2204"]
[BlackElo "2134"]
[PlyCount "177"]
[EventDate "2009.08.21"]
[EventType "swiss"]
[EventRounds "10"]
[EventCountry "BAN"]
[Source "lmi"]
[SourceDate "2009.08.21"]

1. e4 e5 2. Nf3 Nc6 3. Bb5 a6 4. Ba4 Nf6 5. O-O Be7 6. Re1 b5 7. Bb3 d6 8. c3
O-O 9. d4 Bg4 10. d5 Na5 11. Bc2 c6 12. h3 Bxf3 13. Qxf3 Qc7 14. dxc6 Qxc6 15.
b4 Nc4 16. Nd2 Nb6 17. Bb3 Rac8 18. Bb2 Nfd7 19. Rad1 h6 20. Nf1 Nc4 21. Bxc4
Qxc4 22. a3 Nb6 23. Ne3 Qb3 24. Nf5 Qe6 25. Qg3 Qf6 26. Bc1 Kh7 27. Rd3 Rfe8
28. h4 Bf8 29. Rf3 Qe6 30. h5 d5 31. Qg4 Rc4 32. Rg3 dxe4 33. Bxh6 e3 34. Qg5
exf2+ 35. Kxf2 Rf4+ 36. Rf3 Rxf3+ 37. gxf3 gxh6 38. Qg4 Nd5 39. Qe4 Nf6 40. Qc2
e4 41. Ng3 Kh8 42. fxe4 Qh3 43. Rg1 Ng4+ 44. Kf3 Ne5+ 45. Kf2 Qg4 46. Qe2 Qxe2+
47. Kxe2 Be7 48. Nf5 Bg5 49. Rd1 Rc8 50. Rd5 f6 51. Rc5 Rxc5 52. bxc5 Kg8 53.
Ne7+ Kf7 54. Nd5 Nc6 55. Nc7 Nb8 56. Kd3 Bc1 57. c4 bxc4+ 58. Kxc4 Bxa3 59. Kd5
Bb2 60. c6 Be5 61. Na8 Nxc6 62. Kxc6 a5 63. Kb5 Bc3 64. Nb6 Be1 65. Nc4 Ke6 66.
Nb2 Bd2 67. Nc4 Bb4 68. Ne3 Bd2 69. Ng4 Ke7 70. Ka4 Kf7 71. Kb5 Kg7 72. Ka4 Be1
73. Kb5 Bd2 74. Ka4 Kf7 75. Kb5 Ke6 76. Ka4 Ke7 77. Kb5 Kf7 78. Ka4 Ke6 79. Kb5
f5 80. exf5+ Kxf5 81. Nxh6+ Kg5 82. Nf7+ Kxh5 83. Ne5 Bc3 84. Nc4 Kg4 85. Nb6
Kf3 86. Nc4 Ke2 87. Nb6 Kd3 88. Nc4 Kc2 89. Nxa5 1/2-1/2

[Event "9. United Insurance 2009"]
[Site "Dahka BAN"]
[Date "2009.08.24"]
[Round "5.15"]
[White "Bhuiyan, Golam Mostafa"]
[Black "Karma, Pandya"]
[Result "1-0"]
[WhiteElo "2177"]
[BlackElo "2128"]
[PlyCount "79"]
[EventDate "2009.08.21"]
[EventType "swiss"]
[EventRounds "10"]
[EventCountry "BAN"]
[Source "lmi"]
[SourceDate "2009.08.21"]

1. d4 d5 2. Nf3 Nf6 3. g3 Nbd7 4. Bg2 e6 5. O-O b5 6. a4 b4 7. a5 c5 8. c4 bxc3
9. Nxc3 Bb7 10. Qa4 Rc8 11. Be3 Bc6 12. Qc2 Bd6 13. dxc5 Nxc5 14. Bd4 O-O 15.
Ne5 Bxe5 16. Bxe5 Ncd7 17. Bd6 Re8 18. Qd3 Nf8 19. Bc5 Qc7 20. Be3 e5 21. Bg5
e4 22. Qd2 d4 23. Bxf6 e3 24. Qxd4 Bxg2 25. Kxg2 gxf6 26. fxe3 Qb7+ 27. Nd5 Ne6
28. Qg4+ Ng5 29. e4 Kh8 30. Nxf6 Nxe4 31. Kh3 Nxf6 32. Rxf6 Re4 33. Rf4 Rce8
34. Raf1 Rxe2 35. R1f2 R2e6 36. Qf3 Rh6+ 37. Kg2 Qd7 38. h4 Rg6 39. Rxf7 Qd6
40. Rf8+ 1-0

[Event "9. United Insurance 2009"]
[Site "Dahka BAN"]
[Date "2009.08.24"]
[Round "5.17"]
[White "Tandukar, Naveen"]
[Black "Gaparkhoev, Islam"]
[Result "0-1"]
[WhiteElo "2133"]
[BlackElo "2091"]
[PlyCount "94"]
[EventDate "2009.08.21"]
[EventType "swiss"]
[EventRounds "10"]
[EventCountry "BAN"]
[Source "lmi"]
[SourceDate "2009.08.21"]

1. e4 e5 2. Nf3 Nc6 3. Bb5 a6 4. Ba4 d6 5. c3 g6 6. d4 Bd7 7. h3 Bg7 8. Bg5 f6
9. Be3 Nh6 10. Qd2 Nf7 11. Na3 Qe7 12. Bc2 O-O 13. g4 b5 14. d5 Na5 15. b3 c6
16. c4 Qd8 17. Bd3 cxd5 18. cxd5 f5 19. gxf5 gxf5 20. Bg5 Nxg5 21. Nxg5 h6 22.
Ne6 Bxe6 23. dxe6 Nc6 24. Nc2 d5 25. Rg1 Kh8 26. exd5 Qxd5 27. Rg6 e4 28. O-O-O
Ne5 29. Rxh6+ Kg8 30. Rg1 Nxd3+ 31. Kd1 Nxf2+ 32. Ke1 Qxd2+ 33. Kxd2 Ng4 34.
Rh5 Ne5 35. Ke3 Nf3 36. Rg6 Rad8 37. Kf4 Rd6 38. Ne3 Nd4 39. Nxf5 Nxf5 40. Rxf5
Rxf5+ 41. Kxf5 e3 42. e7 Rd5+ 43. Kf4 Re5 44. Rxg7+ Kxg7 45. Kxe5 e2 46. e8=N+
Kf8 47. Nd6 e1=Q+ 0-1

[Event "9. United Insurance 2009"]
[Site "Dahka BAN"]
[Date "2009.08.24"]
[Round "5.19"]
[White "Md, Jamal Uddin"]
[Black "Shrestha, Bilam Lal"]
[Result "1-0"]
[WhiteElo "2138"]
[BlackElo "2106"]
[PlyCount "96"]
[EventDate "2009.08.21"]
[EventType "swiss"]
[EventRounds "10"]
[EventCountry "BAN"]
[Source "lmi"]
[SourceDate "2009.08.21"]

1. d4 Nf6 2. c4 e6 3. Nc3 d5 4. Bf4 Be7 5. e3 c6 6. Nf3 Nbd7 7. Bd3 O-O 8. O-O
b6 9. cxd5 exd5 10. Rc1 Bb7 11. Bb1 Re8 12. Qc2 Nf8 13. Ne5 Bd6 14. Ne2 Bxe5
15. Bxe5 Rc8 16. Ng3 Ng4 17. Bf4 g6 18. h3 Nf6 19. Qe2 Ne6 20. Be5 Nd7 21. Qg4
Nxe5 22. dxe5 Qg5 23. Qxg5 Nxg5 24. f4 Ne6 25. f5 Nf8 26. e6 fxe6 27. fxg6 hxg6
28. Rf6 Re7 29. Rcf1 Rg7 30. h4 e5 31. h5 e4 32. Bc2 Nd7 33. Rxg6 Rxg6 34. hxg6
Ne5 35. Rf6 Rf8 36. Re6 Ng4 37. Re7 Ba6 38. Bd1 Nxe3 39. Bh5 Nf5 40. Nxf5 Rxf5
41. Bg4 Rg5 42. Be6+ Kf8 43. Rf7+ Ke8 44. g7 d4 45. Rxa7 d3 46. g8=Q+ Rxg8 47.
Bxg8 e3 48. Bf7+ Kd8 1-0

[Event "9. United Insurance 2009"]
[Site "Dahka BAN"]
[Date "2009.08.25"]
[Round "6.1"]
[White "Gagunashvili, Merab"]
[Black "Barua, Dibyendu"]
[Result "1-0"]
[WhiteElo "2574"]
[BlackElo "2473"]
[PlyCount "69"]
[EventDate "2009.08.21"]
[EventType "swiss"]
[EventRounds "10"]
[EventCountry "BAN"]
[Source "lmi"]
[SourceDate "2009.08.21"]

1. d4 d5 2. c4 e6 3. Nf3 c6 4. Qc2 Nf6 5. g3 Nbd7 6. Bg2 Ne4 7. O-O Bd6 8. Ne1
f5 9. Nd3 Qf6 10. Be3 dxc4 11. Qxc4 Nb6 12. Qc1 Nd5 13. Nc3 Nexc3 14. bxc3 O-O
15. Bd2 e5 16. c4 Ne7 17. dxe5 Bxe5 18. Nxe5 Qxe5 19. Bc3 Qc7 20. Qb2 Ng6 21.
h4 Re8 22. Rab1 f4 23. h5 Ne5 24. gxf4 Nxc4 25. Qb4 Qxf4 26. Rbd1 a5 27. Qb3 b5
28. Rd3 Qh6 29. Rg3 Ra7 30. Rd1 Ba6 31. Bxa5 Rf7 32. Bc3 Qxh5 33. Bxc6 Qxe2 34.
Rg2 Re3 35. Rd8+ 1-0

[Event "9. United Insurance 2009"]
[Site "Dahka BAN"]
[Date "2009.08.25"]
[Round "6.2"]
[White "Hossain, Enamul"]
[Black "Mchedlishvili, Mikheil"]
[Result "1/2-1/2"]
[WhiteElo "2531"]
[BlackElo "2592"]
[PlyCount "39"]
[EventDate "2009.08.21"]
[EventType "swiss"]
[EventRounds "10"]
[EventCountry "BAN"]
[Source "lmi"]
[SourceDate "2009.08.21"]

1. e4 c6 2. d4 d5 3. Nc3 dxe4 4. Nxe4 Bf5 5. Ng3 Bg6 6. h4 h6 7. Nf3 Nd7 8. h5
Bh7 9. Bd3 Bxd3 10. Qxd3 e6 11. Bf4 Qa5+ 12. Bd2 Qc7 13. O-O-O Ngf6 14. Ne4 Be7
15. Qe2 Nxe4 16. Qxe4 Nf6 17. Qe2 c5 18. Qb5+ Qd7 19. Qxd7+ Nxd7 20. Be3
1/2-1/2

[Event "9. United Insurance 2009"]
[Site "Dahka BAN"]
[Date "2009.08.25"]
[Round "6.3"]
[White "Rausis, Igor"]
[Black "Lahiri, Atanu"]
[Result "1-0"]
[WhiteElo "2512"]
[BlackElo "2361"]
[PlyCount "139"]
[EventDate "2009.08.21"]
[EventType "swiss"]
[EventRounds "10"]
[EventCountry "BAN"]
[Source "lmi"]
[SourceDate "2009.08.21"]

1. e4 e6 2. d4 d5 3. Nc3 Nf6 4. Bg5 Bb4 5. exd5 exd5 6. Bd3 O-O 7. Nge2 c6 8.
O-O Nbd7 9. a3 Be7 10. Ng3 Nb6 11. b3 Re8 12. Re1 Be6 13. Nf5 Bxf5 14. Bxf5 g6
15. Bd3 Nh5 16. Be3 Bg5 17. Qd2 Bxe3 18. Rxe3 Rxe3 19. Qxe3 Qf8 20. Ne2 Re8 21.
Qd2 Qd6 22. Qb4 Qc7 23. g3 Nf6 24. Qa5 a6 25. c4 Na8 26. Qxc7 Nxc7 27. c5 Ne4
28. Ra2 Nb5 29. Bxb5 axb5 30. f3 Ng5 31. Kf2 Kf8 32. Nf4 Ne6 33. Nxe6+ Rxe6 34.
a4 bxa4 35. bxa4 Ke8 36. Rb2 Re7 37. Rb6 Kd8 38. a5 Kc7 39. a6 bxa6 40. Rxa6
Kb7 41. Ra1 Re8 42. g4 g5 43. h4 h6 44. hxg5 hxg5 45. Rh1 Re7 46. Rh6 Ka6 47.
Rxc6+ Kb5 48. Rb6+ Kc4 49. c6 Rc7 50. Rb7 Rxc6 51. Rxf7 Kxd4 52. Rg7 Kc3 53.
Rxg5 d4 54. Rd5 d3 55. f4 d2 56. f5 Rh6 57. Kf3 Rh3+ 58. Ke4 Rg3 59. Rxd2 Kxd2
60. Kf4 Rg1 61. f6 Rf1+ 62. Ke5 Re1+ 63. Kd6 Rf1 64. g5 Rf5 65. Ke6 Rxg5 66. f7
Rg6+ 67. Ke5 Rg5+ 68. Ke4 Rg4+ 69. Kf3 Rg1 70. Kf2 1-0

[Event "9. United Insurance 2009"]
[Site "Dahka BAN"]
[Date "2009.08.25"]
[Round "6.4"]
[White "Reefat, Bin-Sattar"]
[Black "Hasan Md, Emam"]
[Result "1-0"]
[WhiteElo "2486"]
[BlackElo "2130"]
[PlyCount "61"]
[EventDate "2009.08.21"]
[EventType "swiss"]
[EventRounds "10"]
[EventCountry "BAN"]
[Source "lmi"]
[SourceDate "2009.08.21"]

1. e4 d5 2. exd5 Nf6 3. d4 Nxd5 4. Nf3 Bg4 5. Be2 c6 6. Ne5 Bxe2 7. Qxe2 Nd7 8.
Nf3 e6 9. O-O Bd6 10. c4 Ne7 11. Nc3 O-O 12. Ne4 Qc7 13. g3 c5 14. Rd1 Rad8 15.
Bg5 Rfe8 16. b4 cxd4 17. Nxd4 Be5 18. Nb5 Qb8 19. Rac1 Nf6 20. Rxd8 Rxd8 21. f4
Nxe4 22. Bxe7 Bxf4 23. gxf4 Qxf4 24. Rf1 Rd2 25. Rxf4 Rxe2 26. Kf1 Re3 27. Bc5
Nxc5 28. bxc5 a6 29. Nd6 f6 30. Nxb7 e5 31. c6 1-0

[Event "9. United Insurance 2009"]
[Site "Dahka BAN"]
[Date "2009.08.25"]
[Round "6.5"]
[White "Bitan, Banerjee"]
[Black "Neelotpal, Das"]
[Result "1/2-1/2"]
[WhiteElo "2306"]
[BlackElo "2474"]
[PlyCount "43"]
[EventDate "2009.08.21"]
[EventType "swiss"]
[EventRounds "10"]
[EventCountry "BAN"]
[Source "lmi"]
[SourceDate "2009.08.21"]

1. d4 Nf6 2. c4 e6 3. Nf3 c5 4. d5 b5 5. dxe6 fxe6 6. cxb5 d5 7. Nc3 a6 8. e4
Be7 9. e5 Nfd7 10. Ng5 Nxe5 11. Qh5+ g6 12. Qh6 Bxg5 13. Bxg5 Nf7 14. Bxd8 Nxh6
15. Bf6 Rg8 16. Be2 Nd7 17. Bg5 Nf5 18. O-O-O Kf7 19. Rhe1 Nd4 20. bxa6 Bxa6
21. Bg4 Nf5 22. Ne4 1/2-1/2

[Event "9. United Insurance 2009"]
[Site "Dahka BAN"]
[Date "2009.08.25"]
[Round "6.6"]
[White "Hasan, Mehdi"]
[Black "Bakre, Tejas"]
[Result "1-0"]
[WhiteElo "2236"]
[BlackElo "2453"]
[PlyCount "51"]
[EventDate "2009.08.21"]
[EventType "swiss"]
[EventRounds "10"]
[EventCountry "BAN"]
[Source "lmi"]
[SourceDate "2009.08.21"]

1. e4 c5 2. Nf3 d6 3. d4 cxd4 4. Nxd4 Nf6 5. Nc3 Nc6 6. Bc4 e6 7. Be3 a6 8. Qe2
Na5 9. Bd3 Qc7 10. O-O Be7 11. f4 b5 12. Kh1 Bb7 13. a3 O-O 14. Rae1 Rac8 15.
Bg1 g6 16. f5 e5 17. fxg6 hxg6 18. Nf5 gxf5 19. Rxf5 Nh7 20. Qh5 Bd8 21. Nd5
Bxd5 22. exd5 f6 23. Rf3 Ng5 24. Rg3 f5 25. Bxf5 Rxf5 26. Qg6+ 1-0

[Event "9. United Insurance 2009"]
[Site "Dahka BAN"]
[Date "2009.08.25"]
[Round "6.7"]
[White "Vinoth Kumar, M."]
[Black "Abdulla, AlR"]
[Result "1/2-1/2"]
[WhiteElo "2208"]
[BlackElo "2532"]
[PlyCount "95"]
[EventDate "2009.08.21"]
[EventType "swiss"]
[EventRounds "10"]
[EventCountry "BAN"]
[Source "lmi"]
[SourceDate "2009.08.21"]

1. d4 Nf6 2. Nc3 d5 3. Bg5 Bf5 4. f3 Nbd7 5. g4 Bg6 6. Nh3 c6 7. Qd2 Qb6 8.
O-O-O e6 9. Nf4 O-O-O 10. h4 e5 11. h5 exf4 12. hxg6 fxg6 13. Bxf4 Qa5 14. g5
Nh5 15. Bh2 b5 16. e4 Nb6 17. exd5 Nxd5 18. Nxd5 Qxd2+ 19. Rxd2 Rxd5 20. f4 Kb7
21. Bg2 Rd7 22. Re1 Bd6 23. d5 c5 24. Bh3 Rf7 25. f5 Nf4 26. fxg6 hxg6 27. Be6
Re7 28. Kd1 Kc7 29. Bxf4 Bxf4 30. Rd3 a5 31. Rf1 Be5 32. Rdf3 Bd6 33. Rf7 Rh5
34. Rxe7+ Bxe7 35. Rf7 Kd6 36. Rxg7 Rxg5 37. Rg8 Rg1+ 38. Ke2 Rg2+ 39. Kd1 Bf6
40. Rb8 Bxb2 41. Rb6+ Ke5 42. Rxb5 Bc3 43. Rxc5 Kd4 44. Rc8 Bb4 45. c3+ Kd3 46.
Ke1 Bxc3+ 47. Kf1 Rxa2 48. d6 1/2-1/2

[Event "9. United Insurance 2009"]
[Site "Dahka BAN"]
[Date "2009.08.25"]
[Round "6.9"]
[White "Ismagambetov, Anuar"]
[Black "Islam, Kh. Aminul"]
[Result "1/2-1/2"]
[WhiteElo "2531"]
[BlackElo "2316"]
[PlyCount "137"]
[EventDate "2009.08.21"]
[EventType "swiss"]
[EventRounds "10"]
[EventCountry "BAN"]
[Source "lmi"]
[SourceDate "2009.08.21"]

1. e4 e5 2. Nf3 Nc6 3. Bb5 a6 4. Ba4 Nf6 5. O-O b5 6. Bb3 Bc5 7. c3 d6 8. a4
Rb8 9. d4 Bb6 10. Na3 O-O 11. axb5 axb5 12. Nxb5 Bg4 13. Bc2 Bxf3 14. gxf3 Nh5
15. f4 Nxf4 16. Bxf4 exf4 17. Qg4 Qf6 18. b4 Ne7 19. Na3 Ng6 20. Nc4 Bxd4 21.
cxd4 Rxb4 22. Nd2 Qxd4 23. Nf3 Qc5 24. Bd3 Rb3 25. Rac1 Rc3 26. Rxc3 Qxc3 27.
Bb1 Ra8 28. Nh4 Ne5 29. Qxf4 Qh3 30. f3 Ra1 31. Qf5 Qxf5 32. Nxf5 Nxf3+ 33.
Rxf3 Rxb1+ 34. Kg2 h5 35. Rc3 Rb7 36. Ra3 g6 37. Ra8+ Kh7 38. Ne3 Rb2+ 39. Kg3
Kg7 40. Nd5 Rb3+ 41. Kf2 Rb2+ 42. Ke3 c6 43. Nc7 Kf6 44. Ra6 Rxh2 45. Rxc6 Ke5
46. Nb5 Rh3+ 47. Ke2 Rh2+ 48. Kf3 Rd2 49. Ke3 Rd1 50. Ke2 Ra1 51. Nxd6 f5 52.
exf5 gxf5 53. Nf7+ Ke4 54. Rc4+ Kd5 55. Rh4 Ke6 56. Ng5+ Ke5 57. Rb4 Ra2+ 58.
Kf3 Ra3+ 59. Kf2 Ra2+ 60. Kg3 f4+ 61. Kh3 Ra3+ 62. Kh4 f3 63. Kg3 h4+ 64. Kf2
Kf5 65. Nh3 Ra2+ 66. Kxf3 Ra3+ 67. Kg2 Ra2+ 68. Kf3 Ra3+ 69. Kg2 1/2-1/2

[Event "9. United Insurance 2009"]
[Site "Dahka BAN"]
[Date "2009.08.25"]
[Round "6.10"]
[White "Praveen Kumar, C."]
[Black "Minhazuddin, Ahmed"]
[Result "1-0"]
[WhiteElo "2363"]
[BlackElo "2391"]
[PlyCount "113"]
[EventDate "2009.08.21"]
[EventType "swiss"]
[EventRounds "10"]
[EventCountry "BAN"]
[Source "lmi"]
[SourceDate "2009.08.21"]

1. d4 Nf6 2. c4 e6 3. Nc3 Bb4 4. e3 O-O 5. Nge2 c5 6. a3 Bxc3+ 7. Nxc3 b6 8.
Bd3 Bb7 9. O-O h6 10. b4 Na6 11. Rb1 d6 12. d5 exd5 13. Nxd5 Nc7 14. e4 Re8 15.
Bb2 Ncxd5 16. exd5 cxb4 17. axb4 b5 18. c5 dxc5 19. Bxb5 Re4 20. bxc5 Bxd5 21.
Bxf6 gxf6 22. Qd3 Rg4 23. g3 Be4 24. Qe2 Bf5 25. Qf3 Bxb1 26. Qxg4+ Bg6 27. Qd7
Kf8 28. Re1 Qa5 29. Re3 Kg7 30. Qc6 Rd8 31. Be2 Qa1+ 32. Kg2 Qd4 33. Bf3 Rb8
34. Qd5 Qxd5 35. Bxd5 Rb5 36. Rc3 Bf5 37. Kf3 Kf8 38. Be4 Bc8 39. Ke3 a5 40. f4
a4 41. Kd4 Ke7 42. Bc6 Ra5 43. Ra3 Bd7 44. Bd5 Be6 45. Bxe6 Kxe6 46. Kc4 Ra8
47. g4 f5 48. gxf5+ Kxf5 49. Kd5 Kxf4 50. c6 Kg4 51. c7 Rc8 52. Kd6 h5 53. Kd7
Ra8 54. c8=Q Rxc8 55. Kxc8 f5 56. Kd7 h4 57. h3+ 1-0

[Event "9. United Insurance 2009"]
[Site "Dahka BAN"]
[Date "2009.08.25"]
[Round "6.11"]
[White "Grover, Sahaj"]
[Black "Abu Sufian, Shakil"]
[Result "1-0"]
[WhiteElo "2310"]
[BlackElo "2372"]
[PlyCount "81"]
[EventDate "2009.08.21"]
[EventType "swiss"]
[EventRounds "10"]
[EventCountry "BAN"]
[Source "lmi"]
[SourceDate "2009.08.21"]

1. e4 c5 2. Nf3 d6 3. d4 cxd4 4. Nxd4 Nf6 5. Nc3 g6 6. f4 Nc6 7. Nf3 Bd7 8. Bd3
Bg7 9. O-O O-O 10. Qe1 Nb4 11. Kh1 Bc6 12. Qh4 d5 13. e5 Ne4 14. f5 gxf5 15.
Bh6 e6 16. Ng5 Bxe5 17. Bxe4 dxe4 18. Rad1 Qc7 19. Nxh7 f6 20. Nxf8 Rxf8 21.
Bxf8 Kxf8 22. Ne2 Ke7 23. Nf4 Bxf4 24. Rxf4 Nd5 25. Qh7+ Kd6 26. Qh3 Bb5 27.
Qb3 Bc4 28. Qa3+ Qc5 29. Qxc5+ Kxc5 30. Rxd5+ Kxd5 31. h4 Be2 32. Kg1 Ke5 33.
g3 e3 34. c4 b6 35. Kg2 a5 36. b3 Bg4 37. Kf1 Kd6 38. Rxg4 fxg4 39. Ke2 f5 40.
Kxe3 e5 41. a3 1-0

[Event "9. United Insurance 2009"]
[Site "Dahka BAN"]
[Date "2009.08.25"]
[Round "6.13"]
[White "Ahmed, Sk. Nasir"]
[Black "Nepali, Badrilal"]
[Result "1-0"]
[WhiteElo "2291"]
[BlackElo "2162"]
[PlyCount "147"]
[EventDate "2009.08.21"]
[EventType "swiss"]
[EventRounds "10"]
[EventCountry "BAN"]
[Source "lmi"]
[SourceDate "2009.08.21"]

1. b3 d5 2. Nf3 c5 3. e3 Nc6 4. Bb5 Nf6 5. Bb2 e6 6. O-O Bd6 7. c4 O-O 8. Bxc6
bxc6 9. d3 Re8 10. Re1 e5 11. e4 d4 12. Nbd2 g6 13. Nf1 Nh5 14. Bc1 Ng7 15. h3
Ne6 16. Bd2 a5 17. a4 Qf6 18. Qc1 Bd7 19. Re2 Rab8 20. Rb1 Nf4 21. Bxf4 exf4
22. Qe1 Bc7 23. N1h2 h5 24. h4 Rb4 25. Qd2 Reb8 26. Qc2 Qe7 27. Nf1 Be5 28.
N1d2 Bg4 29. Nxe5 Qxe5 30. f3 Be6 31. Kf2 Kf8 32. Rh1 Ke7 33. Ke1 Rg8 34. Kd1
Rbb8 35. Kc1 g5 36. hxg5 Rxg5 37. Qd1 Rbg8 38. Qg1 Qb8 39. Rh2 Qb4 40. Qd1 h4
41. Qc2 h3 42. gxh3 Qa3+ 43. Qb2 Rg1+ 44. Kc2 Qb4 45. h4 Kf8 46. h5 Kg7 47. Nb1
Kh6 48. Qa3 Qb6 49. Nd2 R8g5 50. Rh4 Qc7 51. Kb2 Qe5 52. Ka2 Rd1 53. Qb2 Rgg1
54. Rhh2 Qb8 55. Reg2 Rge1 56. Re2 Rxe2 57. Rxe2 Qb4 58. Nb1 Rxd3 59. Nd2 Qc3
60. Rf2 f6 61. Kb1 Bf7 62. Qxc3 dxc3 63. Nf1 Bxh5 64. Nh2 Kg5 65. Kc2 Re3 66.
Rg2+ Kh4 67. Ng4 Rxf3 68. Nxf6 Kh3 69. Rg7 Rg3 70. Rh7 Rg5 71. Rxh5+ Rxh5 72.
Nxh5 f3 73. Nf4+ Kg4 74. Nd3 1-0

[Event "9. United Insurance 2009"]
[Site "Dahka BAN"]
[Date "2009.08.25"]
[Round "6.14"]
[White "Rahman, SM."]
[Black "Md, Jamal Uddin"]
[Result "1-0"]
[WhiteElo "2256"]
[BlackElo "2138"]
[PlyCount "53"]
[EventDate "2009.08.21"]
[EventType "swiss"]
[EventRounds "10"]
[EventCountry "BAN"]
[Source "lmi"]
[SourceDate "2009.08.21"]

1. e4 d6 2. d4 Nf6 3. Nc3 g6 4. f4 c6 5. Nf3 Bg7 6. Bd3 Nbd7 7. e5 dxe5 8. fxe5
Nd5 9. O-O O-O 10. Qe1 Nxc3 11. bxc3 e6 12. Ng5 c5 13. Kh1 b6 14. Qh4 h6 15.
Qe4 Rb8 16. Nxf7 Qe8 17. Nxh6+ Kh7 18. Bg5 Rh8 19. Rf7 Nf8 20. Raf1 c4 21. Bxc4
b5 22. Bd3 b4 23. Qh4 Rb7 24. Rxb7 Bxb7 25. Rf7 Qxf7 26. Nxf7+ Kg8 27. Nxh8 1-0

[Event "9. United Insurance 2009"]
[Site "Dahka BAN"]
[Date "2009.08.25"]
[Round "6.15"]
[White "Hamal, Manish"]
[Black "Mohammad, Javed"]
[Result "0-1"]
[WhiteElo "2086"]
[BlackElo "2204"]
[PlyCount "66"]
[EventDate "2009.08.21"]
[EventType "swiss"]
[EventRounds "10"]
[EventCountry "BAN"]
[Source "lmi"]
[SourceDate "2009.08.21"]

1. e4 c5 2. Nf3 d6 3. d4 cxd4 4. Nxd4 Nf6 5. Nc3 a6 6. Bg5 e6 7. f4 Nbd7 8. Qf3
Qc7 9. O-O-O b5 10. Bd3 Bb7 11. Rhe1 Be7 12. Bxf6 Nxf6 13. g4 b4 14. Na4 Nd7
15. Qe2 Nc5 16. Nxc5 dxc5 17. Nb3 Qxf4+ 18. Kb1 Qc7 19. g5 Bxg5 20. Qh5 h6 21.
Bc4 O-O 22. h4 Be7 23. Rg1 Bxe4 24. Bd3 Bxd3 25. Rxd3 c4 26. Qxh6 Qe5 27. Rd7
Bf6 28. Nd4 Rad8 29. Rxd8 Rxd8 30. c3 bxc3 31. bxc3 Qe4+ 32. Kc1 Bxd4 33. cxd4
Qxd4 0-1

[Event "9. United Insurance 2009"]
[Site "Dahka BAN"]
[Date "2009.08.25"]
[Round "6.18"]
[White "Karma, Pandya"]
[Black "Chatterjee, Debaraj"]
[Result "1/2-1/2"]
[WhiteElo "2128"]
[BlackElo "2281"]
[PlyCount "129"]
[EventDate "2009.08.21"]
[EventType "swiss"]
[EventRounds "10"]
[EventCountry "BAN"]
[Source "lmi"]
[SourceDate "2009.08.21"]

1. e4 c5 2. Nf3 d6 3. d4 cxd4 4. Nxd4 Nf6 5. Nc3 a6 6. Bc4 e6 7. Bb3 Nbd7 8.
Bg5 Qa5 9. Qd2 Be7 10. O-O-O Nc5 11. f4 h6 12. Bxf6 Bxf6 13. Kb1 Qc7 14. g4 g5
15. fxg5 hxg5 16. Rhf1 Be7 17. Qe2 Bd7 18. Nf5 Bf8 19. Ng3 Rh7 20. e5 O-O-O 21.
Nce4 d5 22. Nxg5 Rg7 23. Nxf7 Re8 24. Nh5 Bb5 25. c4 dxc4 26. Nd6+ Bxd6 27.
exd6 cxb3 28. dxc7 bxa2+ 29. Kxa2 Bxe2 30. Nxg7 Re7 31. Rf8+ Kxc7 32. Rc1 Kb6
33. Nh5 Bxg4 34. Nf6 Be2 35. b3 Rg7 36. Rc2 Bd1 37. Rb2 a5 38. Rd8 Bf3 39. Ka3
Rf7 40. Rd6+ Bc6 41. Ng4 Kc7 42. Rd4 Rf1 43. Rc2 b6 44. Ne5 Bd5 45. Nd3 Rf3 46.
Rc3 Kd6 47. Kb2 e5 48. Nxc5 exd4 49. Rxf3 Bxf3 50. Nd3 Be4 51. Nf2 Bf5 52. h4
Ke5 53. Ka3 Kf4 54. b4 Ke3 55. Nd1+ Kd2 56. Nb2 axb4+ 57. Kxb4 Kc2 58. Nc4 Be6
59. Ne5 Kd1 60. Kb5 Ke2 61. Kxb6 Ke3 62. Kc5 Ke4 63. Kd6 Bg8 64. h5 Bh7 65. h6
1/2-1/2

[Event "9. United Insurance 2009"]
[Site "Dahka BAN"]
[Date "2009.08.25"]
[Round "6.18"]
[White "Shrestha, Bilam Lal"]
[Black "Abdullah, AlS"]
[Result "0-1"]
[WhiteElo "2106"]
[BlackElo "2083"]
[PlyCount "84"]
[EventDate "2009.08.21"]
[EventType "swiss"]
[EventRounds "10"]
[EventCountry "BAN"]
[Source "lmi"]
[SourceDate "2009.08.21"]

1. e4 d5 2. exd5 Qxd5 3. Nc3 Qa5 4. d4 Nf6 5. Bd3 c6 6. Nf3 Bg4 7. O-O e6 8. h3
Bh5 9. a3 Bd6 10. b4 Bxb4 11. Ne4 Nxe4 12. Bxe4 Bd6 13. Rb1 Qc7 14. c4 Nd7 15.
c5 Be7 16. Qa4 O-O 17. Re1 Nf6 18. Bc2 Bxf3 19. gxf3 Rfd8 20. Kh1 Nd5 21. Qb3
Rab8 22. Rg1 Qd7 23. f4 Bf6 24. Be3 e5 25. f5 Nxe3 26. fxe3 exd4 27. e4 Qe7 28.
Bd3 Qxc5 29. Rbc1 Qe5 30. Rg4 Rd7 31. h4 h5 32. Rg2 Qf4 33. Qd1 Be5 34. Rc5
Qxh4+ 35. Kg1 Bf4 36. Qf3 Qe1+ 37. Bf1 Qe3+ 38. Qxe3 Bxe3+ 39. Kh2 d3 40. f6
Bxc5 41. Rxg7+ Kh8 42. Bh3 d2 0-1